000
00265nam a2200109Ia 4500
008
190914s9999||||xx |||||||||||||| ||und||
100
_a
Dr. Doctor Abdulwahab
245
0
_a
Sarkari Idaroun Ki Islah
260
_a
Karachi
_b
Atlantis
_c
2008
300
_a
288
942
_c
BK
999
_c
8451
_d
8451